Statistiken für Alle PDC Darts Turniersieger 2023

Klicken Sie hier um das Quiz zu spielen!

Allgemein

  • Dieses Quiz wurde 105 mal gespielt
    (33 seit der letzten Aktualisierung)
  • Das Durchschnittsergebnis liegt bei 59 aus 61

Antwortstatistiken

TurnierDartsspielerLand% Korrekt
Players Championship 4Dirk van DuijvenbodeNiederlande
100%
Players Championship 10Dirk van DuijvenbodeNiederlande
100%
Players Championship 6Dirk van DuijvenbodeNiederlande
100%
Players Championship 24Gary AndersonSchottland
100%
Players Championship 25Gary AndersonSchottland
100%
Players Championship 8Gary AndersonSchottland
100%
European Darts OpenGerwyn PriceWales
100%
Players Championship 29Gerwyn PriceWales
100%
International Darts OpenGerwyn PriceWales
100%
Players Championship 21Gerwyn PriceWales
100%
Players Championship 18Gerwyn PriceWales
100%
Players Championship 17Gerwyn PriceWales
100%
World CupJonny Clayton + Gerwyn PriceWales
100%
Players Championship 15Luke HumphriesEngland
100%
Players Championship 20Luke HumphriesEngland
100%
World Grand PrixLuke HumphriesEngland
100%
Grand Slam Of DartsLuke HumphriesEngland
100%
European Darts MatchplayLuke HumphriesEngland
100%
Players Championship FinalsLuke HumphriesEngland
100%
World Darts ChampionshipMichael SmithEngland
100%
Bahrain Darts MastersMichael SmithEngland
100%
German Darts ChampionshipMichael SmithEngland
100%
Players Championship 13Michael SmithEngland
100%
Premier LeagueMichael van GerwenNiederlande
100%
US MastersMichael van GerwenNiederlande
100%
Poland Darts MastersMichael van GerwenNiederlande
100%
Belgian Darts OpenMichael van GerwenNiederlande
100%
World Series of Darts FinalsMichael van GerwenNiederlande
100%
Players Championship 7Michael van GerwenNiederlande
100%
World MatchplayNathan AspinallEngland
100%
Nordic Darts MastersPeter WrightSchottland
100%
European Darts ChampionshipPeter WrightSchottland
100%
Czech Darts OpenPeter WrightSchottland
100%
Players Championship 11Rob CrossEngland
100%
European Darts Grand PrixRob CrossEngland
100%
New South Wales Darts MastersRob CrossEngland
100%
New Zealand Darts MastersRob CrossEngland
100%
Players Championship 28Ross SmithSchottland
100%
Players Championship 5Ross SmithEngland
100%
UK OpenAndrew GildingEngland
96%
The MastersChris DobeyEngland
96%
Players Championship 14Damon HetaAustralien
96%
Players Championship 16Damon HetaAustralien
96%
Players Championship 2Danny NoppertNiederlande
96%
Players Championship 22Danny NoppertNiederlande
96%
Baltic Sea Darts OpenDave ChisnallEngland
96%
Players Championship 30Dave ChisnallEngland
96%
Hungarian Darts TrophyDave ChisnallEngland
96%
Players Championship 23Dave ChisnallEngland
96%
Dutch Darts ChampionshipDave ChisnallEngland
96%
Players Championship 12Jonny ClaytonWales
96%
Austrian Darts OpenJonny ClaytonWales
96%
German Darts OpenKrzystof RatajskiPolen
96%
Players Championship 9Krzystof RatajskiPolen
96%
Womens World MatchplayBeau GreavesEngland
92%
Players Championship 3Kim HuybrechtsBelgien
92%
Czech Darts OpenRicardo PietreczkoDeutschland
92%
Players Championship 27Radoslaw SzaganskiPolen
85%
Players Championship 1Ryan SearleEngland
81%
Players Championship 19Callan RydzEngland
38%
Players Championship 26Ryan JoyceEngland
31%

Verteilung der Resultate

Perzentil nach korrekt beantworteten Fragen

Anzahl Personen mit jedem Resultat

Ihre Resultats-Entwicklung

Sie haben dieses Quiz seit der letzten Aktualisierung nicht gespielt